| 000 | 00804cam a22002777a 4500 | ||
|---|---|---|---|
| 003 | CHAP | ||
| 005 | 20220329140401.0 | ||
| 008 | 971013s1969 r 00010 d | ||
| 010 | _a51215 | ||
| 011 | _a52187 | ||
| 035 | _a56337 | ||
| 040 | _cCHAP | ||
| 082 |
_a631.0915 _bW3 |
||
| 100 | 0 | 0 |
_aWalton, K. _9120994 |
| 245 | 1 | 4 | _aThe arid zones |
| 260 |
_aLondon : _bHutchinson University, _c1969 |
||
| 300 |
_a175 p. _b: ilus. |
||
| 590 |
_aBATCH-UPD _b10 _c20130110 _lUCH01 _h0831 |
||
| 590 |
_aBATCH-UPD _b10 _c20130410 _lUCH01 _h0509 |
||
| 590 |
_aBATCH-UPD _b10 _c20130914 _lUCH01 _h1959 |
||
| 590 |
_aCONVERSION _b10 _c20130109 _lUCH01 _h1328 |
||
| 650 | 1 | 4 |
_aRegiones áridas. _995669 |
| 901 | _aBK | ||
| 942 | _cLIBRO | ||
| 949 |
_a631.0915 W3 _bBC _cLIBRO _d33724000054565 _eLIBRO _h13751 _i56337 _si _t26.00 |
||
| 999 |
_c51215 _d51215 |
||